All Libertadores Winners - Statistics

General Stats
  • This quiz has been taken 73 times
  • The average score is 51 of 65
Answer Stats
Year Team 1st Round -------------- Team % Correct
2018 River Plate 2:2 3:1 Boca Juniors
97%
2015 River Plate 0:0 3:0 Tigres
97%
1996 River Plate 0:1 2:0 Americade Cali
97%
1986 River Plate 2:1 1:0 America de Cali
97%
2024 Botafogo 3:1 ------------- Atletico Mineiro
94%
2022 Flamengo 1:0 ------------- Atletico Paranaense
94%
2019 Flamengo 2:1 2nd Round River Plate
94%
1981 Flamengo 2:1 0:1 (3rd Round 2:0) Cobreloa
94%
2011 Santos 0:0 2:1 Peñarol
94%
1963 Santos 3:2 2:1 Boca Juniors
94%
1962 Santos 2:1 2:3 (3rd round 3:0) Peñarol
94%
2007 Boca Juniors 3:0 2:0 Gremio
92%
2003 Boca Juniors 2:0 3:1 Santos
92%
2001 Boca Juniors 1:0 0:1 (3:1 Pen.) Cruz Azul
92%
2000 Boca Juniors 2:2 0:0 (4:2 Pen) Palmeiras
92%
1978 Boca Juniors 0:0 4:0 Deportivo Cali
92%
1977 Boca Juniors 1:0 0:1 (3rd Round 0:0 (5:4 Pen.)) Cruzeiro
92%
2021 Palmeiras 2:1 ------------- Flamengo
92%
2020 Palmeiras 1:0 ------------- Santos
92%
1999 Palmeiras 2:2 0:0 (4:3 Pen.) Deportivo Cali
92%
2023 Fluminense 2:1 ------------- Boca Juniors
89%
2017 Gremio 1:0 2:1 Lanus
89%
1995 Gremio 3:1 1:1 Atletico Nacional
89%
1983 Gremio 1:1 2:1 Peñarol
89%
2012 Corinthians 1:1 2:0 Boca Juniors
87%
2005 Sao Paulo 1:1 4:0 Atletico Paranaense
87%
1993 Sao Paulo 5:1 0:2 Universidad Catolica
87%
1992 Sao Paulo 0:1 1:0 (3:2 Pen.) Newell's Old Boys
87%
2016 Atletico Nacional 1:1 1:0 Independiente del Valle
84%
2010 Internacional 2:1 3:2 Guadalajara
84%
2006 Internacional 2:1 2:2 Sao Paulo
84%
2013 Atletico Mineiro 0:2 2:0 (4:3 Pen.) Olimpia
82%
1997 Cruzeiro 0:0 1:0 Sporting Cristal
79%
1976 Cruzeiro 4:1 1:2 (3rd Round 3:2) River Plate
79%
1984 Independiente 1:0 0:0 Gremio
79%
1975 Independiente 0:1 3:1 (3rd Round 2:0) Union Española
79%
1974 Independiente 0:1 3:1 (3rd Round 1:0) Sao Paulo
79%
1973 Independiente 1:1 0:0 (3rd Round 2:1) Colo-Colo
79%
1972 Independiente 0:0 2:1 Universitario
79%
1965 Independiente 1:0 1:3 (3rd round 4:1) Peñarol
79%
1964 Independiente 0:0 1:0 Nacional
79%
1987 Peñarol 0:2 2:1 (3rd Round 1:0) America de Cali
79%
1982 Peñarol 0:0 1:0 Cobreloa
79%
1966 Peñarol 2:0 2:3 (3rd Round 4:2) River Plate
79%
1961 Peñarol 1:0 1:1 Palmeiras
79%
1960 Peñarol 1:0 1:1 Olimpia
79%
2014 San Lorenzo 1:1 1:0 Nacional
69%
1998 Vasco da Gama 2:0 2:1 Barcelona
69%
1991 Colo Colo 0:0 3:0 Olimpia
66%
1988 Nacional 0:1 3:0 Newell's Old Boys
66%
1980 Nacional 0:0 1:0 Internacional
66%
1971 Nacional 0:1 1:0 (3rd Round 2:0) Estudiantes De La Plata
66%
2002 Olimpia 0:1 2:1 (4:2 Pen.) Sao Caetano
66%
1990 Olimpia 2:0 1:1 Barcelona
66%
1979 Olimpia 2:0 0:0 Boca Juniors
66%
1967 Racing Club 0:0 0:0 (3rd Round 2:1) Nacional
66%
2004 Once Caldas 0:0 1:1 (2:0 Pen.) Boca Juniors
65%
1994 Velez Sarsfield 1:0 0:1(5:3 Pen.) Sao Paulo
61%
1985 Argentinos Juniors 0:1 1:0 (3rd Round 1:1(5:4 Pen.)) America de Cali
56%
1989 Atletico Nacional 0:2 2:0 (5:4 Pen.) Olimpia
47%
2009 Estudiantes De La Plata 0:0 2:1 Cruzeiro
47%
1970 Estudiantes De La Plata 1:0 0:0 Peñarol
47%
1969 Estudiantes De La Plata 1:0 2:0 Nacional
47%
1968 Estudiantes De La Plata 2:1 1:3 (3rd Round 2:0) Palmeiras
47%
2008 Liga de Quito 4:2 1:3 (3:1 Pen.) Fluminense
44%
No matching quizzes found
Score Distribution
Percent of People with Each Score
Percentile by Number Answered
Your Score History
You have not taken this quiz